000 01240cam a22003377a 4500
003 CHAP
005 20220329142704.0
008 021030d2001 mx abd r 00110 spa d
010 _a86545
011 _a87517
020 _a2912260019
035 _a98061
040 _cCHAP
082 0 4 _a574.5
_bF4
110 2 _aFederación Mundial de Ciudades Unidas
_939929
245 1 0 _aKIT ciudades y medio ambiente:
_bguía práctica de protección ambiental para los municipios de América Latina
_c/por Federación Mundial de Ciudades Unidas
260 _aMéxico, D.F. :
_bFederación Mundial de Ciudades Unidas,
_c2001
300 _a354 p. :
_bilus. ; mapas ; cuadros
590 _aBATCH-UPD
_b10
_c20130110
_lUCH01
_h1159
590 _aBATCH-UPD
_b10
_c20130410
_lUCH01
_h0742
590 _aBATCH-UPD
_b10
_c20130914
_lUCH01
_h1809
590 _aCONVERSION
_b10
_c20130109
_lUCH01
_h1348
650 1 4 _aMedio ambiente
_xConservación.
_974068
650 1 4 _aMedio ambiente
_xContaminación.
_974069
650 1 4 _aMedio ambiente
_xPreservación.
_974105
650 1 4 _aMedio ambiente
_xProtección.
_974106
901 _aBK
905 _aMarco A. Mendoza T.
942 _cLIBRO
949 _a574.5 F4
_bBC
_cLIBRO
_d33724000880233
_eLIBRO
_h103251
_i98061
_si
999 _c86545
_d86545